000 00729nas a2200241 4500
001 BR9407017
003 BR-BrBNA
005 20231205093805.0
007 ta
008 230509b bl.|||p| |||| 00| 00por d
040 _aBR-BrBNA
_bpor
_cBiblioteca Nacional de Agricultura
041 _a(Pt)
072 _aJ11; Q02
100 1 _aCoelho, A.H.R.
245 1 _aQualidade pos-colheita de pessegos
650 _aPessego
650 _aPos-Colheita
650 _aArmazenamento
650 _aResfriamento
773 0 _tInforme Agropecuario - Empresa de Pesquisa Agropecuaria de Minas Gerais (Brazil)
_xISSN 0100-3364
_g(1994), v. 17(180) p. 31-38
_wBR9407017
909 _a202311
_bLúcia
_c55
_dLúcia Elande
942 _2AGRIS
_n0
_cANA
999 _c140411
_d140411